00372nam a22001457a 450000500170000001000130001702000130003003700130004308200060005610000200006224500420008226000400012427000430016430000190020720180728133651.0 aB-160962 cB-160962 bBPPD/PUB aS aDay, Lal Behari aFolk tales of BengalcLal Behari Day aNew DelhibMittal Publicationc2005 aA-110, Mohan GardenbNew Delhie110059 a284pc22cm(Hb)